Programación del modelo genérico de generadores eólicos con convertidor completo
Sábháilte in:
| Príomhchruthaitheoir: | |
|---|---|
| Rannpháirtithe: | |
| Formáid: | LEABHAR |
| Teanga: | Spanish |
| Foilsithe / Cruthaithe: |
[San José], Costa Rica
2013
|
| Ábhair: | |
| Clibeanna: |
Cuir clib leis
Níl clibeanna ann, Bí ar an gcéad duine le clib a chur leis an taifead seo!
|
MARC
| LEADER | 00000nam a22000007a 4500 | ||
|---|---|---|---|
| 003 | 011793 | ||
| 005 | 20230622090944.0 | ||
| 008 | 150421b2013 cr a|||| |||| 00| ||spa d | ||
| 040 | |c cru CEDI | ||
| 100 | |9 724 |a Fernández Porras, José Pablo, 1991- | ||
| 245 | |a Programación del modelo genérico de generadores eólicos con convertidor completo | ||
| 260 | |a [San José], Costa Rica |c 2013 | ||
| 500 | |a Proyecto de graduación (bachillerato en ingeniería eléctrica)-- Universidad de Costa Rica. Facultad de Ingeniería. Escuela de Ingeniería Eléctrica | ||
| 501 | |a Profesor Guía de IE-0499 Proyecto Eléctrico: Dr. Gustavo Valverde Mora | ||
| 650 | |x ENERGIA EOLICA |x GENERACION DE ENERGIA |x SISTEMAS DE ENERGIA ELECTRICA |9 784 | ||
| 700 | |9 725 |a Valverde Mora, Gustavo Adolfo, 1983- |d Director de Proyecto Eléctrico | ||
| 942 | |c CEDI |h TFG 6962 |i 011793 |6 TFG_6962_011793000000000 | ||
| 999 | |c 13847 |d 13847 | ||
